Представление документа в формате RUSMARC

ПолеНазваниеЗначение
  Тип записи a
  Библиографический уровень m
001 Контрольный номер RU/SLIB/B/208702238
005 Дата корректировки 20241107085233.7
010 Индекс ISBN __
d Цена 36-53; 23-00
101 Язык документа 0_
a Язык текста rus
c Язык оригинала rus
200 Заглавие и сведения об ответственности 1_
a Заглавие Библия как история
f Первые сведения об ответственности пер. с англ. А. Блейз
b Общее обозначение материала Текст
210 Выходные данные 1_
a Место издания М.
c Издательство Крон-Пресс
d Дата издания 1998
215 Физическое описание __
a Объем 571 с.
225 Серия 2_
a Серия Экспресс
605 Заглавие как предмет __
a Заглавие Библия
606 Тематические рубрики __
a Основная рубрика Религия. Мистика. Свободомыслие
606 Тематические рубрики __
a Основная рубрика Христианство в целом
610 Ключевые слова 0_
a Ключевые слова история религии; библейская литература; библейские истории; библейские тексты
686 Индексы других классификаций __
2 Код системы rubbks
a Классификационный индекс 86.37; ст86.37
700 Автор _1
a Фамилия Келлер
b Имя В.
4 Код отношения 070
701 Альтернативная интеллектуальная ответственность _1
a Фамилия Блейз
b Имя А.
4 Код отношения 730
801 Источник записи _0
a Страна RU
b Организация Муниципальное бюджетное учреждение культуры "Централизованная библиотечная система" г. Сургут (Центральная городская библиотека им. А. С. Пушкина)
g Правила каталогизации ОБ/Бутенко
801 Источник записи _1
a Страна RU
b Организация Муниципальное бюджетное учреждение культуры "Централизованная библиотечная система" г. Сургут (Центральная городская библиотека им. А. С. Пушкина)
g Правила каталогизации ОБ/Бутенко
852 Данные о местонахождении __
j Шифр хранения 86.37
c Каталожный индекс 86.37
i Авторский знак К 34
p Инвентарный номер 69946; 71120
901 Тип документа __
t Тип документа m
903 Характеристики (МАРС) __
a Дата передачи 19990323
990 Данные о заказе (DOS) 00
j Количество экземпляров (DOS) 2; 1
t N записи в КСУ для И/У (DOS) 199901; 199801